000 00907cam a22002411i 4500
003 SA-RiAUC
005 20250602081511.0
008 250601s1978 ua g 00010 ara c
040 _aSA-JeALM
_bara
_cSA-RiAUC
_erda
082 0 4 _a237.3
_qSA-RiAUC
090 _a237.3
_bح س ن
100 1 _aالحسني، محمد بن علوي المالكي،
_d1367-1425 هجري
_eمؤلف.
245 1 2 _aالمختار من كلام الأخيار /
_cمحمد بن علوي المالكي الحسني.
250 _aالطبعة الاولى.
264 1 _aالقاهرة :
_bمطبعة السعادة،
_c1978
300 _a323 صفحة ؛
_c24 سم.
336 _aنص
_btxt
_2rdacontent
_3كتاب
337 _aبدون وسيط
_bn
_2rdamedia
338 _aمجلد
_bnc
_2rdacarrier
650 7 _aالأخلاق الإسلامية
_2aucsh
942 _2ddc
_cBOOK
_n0
949 _aSA-JeALM
_d250601
_uosman123
_n1
999 _c8634
_d8634